[Event "Uadjpur Pandiyar Memorial 7th"]
[Site "Uadjpur"]
[Date "2022.10.09"]
[Round "4"]
[White "Nitul, Khare"]
[Black "Anadkat, Kartavya"]
[Result "0-1"]
[WhiteElo "1588"]
[BlackElo "1995"]
[PlyCount "44"]
[EventDate "2022.10.08"]
[EventType "swiss"]
[EventRounds "9"]
[EventCountry "IND"]
[SourceTitle "CBM 210 Extra"]
[Source "ChessBase"]
[SourceDate "2022.11.30"]
[SourceVersion "1"]
[SourceVersionDate "2022.11.30"]
[SourceQuality "1"]

1. d4 Nf6 2. Nf3 g6 3. Bf4 Bg7 4. c4 0-0 5. Nc3 c5 6. e3 cxd4 7. exd4 d5 8. c5 b6 9. Nb5 bxc5 10. Bc7 Qd7 11. Ne5 Qe6 12. dxc5 Nc6 13. Nd4 Nxd4 14. Qxd4 Ne8 15. 0-0-0 Nxc7 16. f4 Ba6 17. Kb1 Qf5+ 18. Bd3 Bxd3+ 19. Qxd3 Qxf4 20. Nc6 Qf6 21. Nd4 Ne6 22. Rhf1 Qxd4 0-1

[Event "IND-chT"]
[Site "Gurgaon"]
[Date "2010.02.21"]
[Round "1"]
[White "Nitul, Khare"]
[Black "Deshmukh, Anup"]
[Result "0-1"]
[WhiteElo "1659"]
[BlackElo "2271"]
[PlyCount "60"]
[EventDate "2010.02.21"]
[EventType "team"]
[EventRounds "9"]
[EventCountry "IND"]
[SourceTitle "CBM 135 Extra"]
[Source "ChessBase"]
[SourceDate "2010.05.04"]
[SourceVersion "1"]
[SourceVersionDate "2010.05.04"]
[SourceQuality "1"]

1. d4 d5 2. c4 c6 3. Nc3 Nf6 4. cxd5 cxd5 5. Nf3 Nc6 6. Bf4 a6 7. e3 Bf5 8. h3 e6 9. Nh4 Qb6 10. Qc1 Be4 11. f3 Bg6 12. Nxg6 hxg6 13. a3 Rc8 14. Qd2 Be7 15. Be2 Nh5 16. Bh2 Bh4+ 17. Kf1 Ng3+ 18. Bxg3 Bxg3 19. Na4 Qa7 20. Nc5 g5 21. Rc1 0-0 22. Bd3 e5 23. Bf5 exd4 24. Bxc8 Rxc8 25. Ke2 dxe3 26. Qxd5 Rd8 27. Qxg5 Rd2+ 28. Kxe3 Rxg2 29. Qf5 Ne7 30. Qh5 g6 0-1